Quizzes
Events
Quiz Creation
Community
Videos
Private Events
Remove Ads
Sign In
Join for FREE
Feedback
Dark Mode
Quiz Categories
Sports
Geography
Music
Movies
Television
Just For Fun
Miscellaneous
History
Literature
Language
Science
Gaming
Entertainment
Religion
Holiday
For Kids
Quiz Lab
Recent
Popular Today
Quiz Kudos Today
Editor Picks
Curator Picks
Quizzes by...
Day
Popularity
Type
Ratings
Length
Year
Community
Subscriptions
Recent Discussions
Orange Saloon
Badges
Playlists
Quests
Create
Leaderboards
Showdown
Live 5
Trivia Bingo
Activity
Puzzle Library
Sporcle Events
Private Events
Virtual Trivia
Globe League
Become a Host
Pub Owners
SporcleCon
Opinionation
Our Games
Videos
Blog
Mobile Apps
Partnerships
Remove Ads and Go Orange
Feedback
Gaming
Video Games
Board Games
Card Games
Pokémon
Mario
Nintendo
Minecraft
Console
Toys
Legend of Zelda
Gaming
Video Games
Board Games
Card Games
Pokémon
Mario
Nintendo
Minecraft
Console
Toys
Legend of Zelda
Random Quiz
Search Sporcle
×
Quiz Lab
Quiz Lab
Gaming
Wow
Type in answers that appear in a list
Type in answers that appear in a list
Classic
Best Score? Go Orange.
WoW Burning Crusade Tier Set Names Stats
Can you name the Set Name?
By
Nigglet
10m
27 Questions
44 Plays
44 Plays
44 Plays
Comments
Comments
Give Quiz Kudos
Give Quiz Kudos
-
- Ratings
hide this ad
Replay
Link that replays current quiz
Next Quiz
Link to next quiz in quiz playlist
You Got
0%
They Got
Avg Score
37%
Avg Friend Score
Upgrade to see
Score Distribution
Jump to the score distribution portion of the page
Score
0/27
Timer
10:00
0
Plays Today
Tier
Set Name
% Correct
Druid Tier 4
Malorne
68.2%
Hunter Tier 6
Gronnstalker
63.6%
Paladin Tier 6
Lightbringer
52.3%
Rogue Tier 6
Slayer
52.3%
Shaman Tier 5
Cataclysm
50%
Warrior Tier 6
Onslaught
47.7%
Hunter Tier 4
Demon Stalker
45.5%
Paladin Tier 4
Justicar
45.5%
Druid Tier 5
Nordrassil
45.5%
Hunter Tier 5
Rift Stalker
45.5%
Mage Tier 4
Aldor
43.2%
Priest Tier 4
Incarnate
38.6%
Mage Tier 6
Tempest
38.6%
Paladin Tier 5
Crystalforge
34.1%
Tier
Set Name
% Correct
Priest Tier 5
Avatar
34.1%
Warrior Tier 4
Warbringer
31.8%
Warrior Tier 5
Destroyer
31.8%
Rogue Tier 5
Deathmantle
29.5%
Warlock Tier 5
Corruptor
29.5%
Warlock Tier 4
Voidheart
27.3%
Shaman Tier 6
Skyshatter
27.3%
Warlock Tier 6
Malefic
27.3%
Shaman Tier 4
Cyclone
25%
Druid Tier 6
Thunderheart
25%
Rogue Tier 4
Netherblade
22.7%
Priest Tier 6
Absolution
22.7%
Mage Tier 5
Trisfal
18.2%
Quiz Playlist
Details
Report
Send in Message
Add To Playlist
Classic:
Type in answers that appear in a list
Last Updated: Feb 16, 2017
Quiz Scoreboard
CHALLENGE
Sign Up to Join the Scoreboard
Show All
Scores
Hide
Comments
May contain spoilers
Recently Published
NBA Finals Game Top Scorers (2010s)
by flibbidy
Sports
5m
Guess the 'R' Things in 3 Words
by MSUKent
Miscellaneous
3m
Actor to Badly Drawn Movie III
by MoMosMoProblems
Movies
5m
More to Explore
Quiz From the Vault
Featured Blog Post
Where Does Lost Luggage Go?
hide this ad
You Might Also Like...
Tags
Burning
crusade
set
Tier
Wow
Today's Top Quizzes in Gaming
Browse Gaming
hide this ad
Today's Top Quizzes in Wow
Browse Wow
Top Contributed Quizzes in Gaming
1
Video Game Rainbow Blitz
2
Genshin Impact Logic Puzzle
3
Pokémon Gen IV Logic Puzzle (HARD)
4
Rainbow Six Siege Operators by Picture
5
Genshin Impact Logic Puzzle Quiz
6
Ordering Roman Numerals: Pokémon
7
Magic: the Gathering Set Symbols - LCI
8
Pokémon Logic Puzzle (DIFFICULT)
9
St. Patrick's Pick: Gaming
10
Wii Remote Buttons
Explore More
Trending Topics
Marvel
Anime
NBA
Kpop
Harry Potter
Crossword
Disney
Puzzle
Pokémon
The Office
NFL
Song
WWE
Soccer
Country
hide this ad
More By:
Nigglet
Quiz
Plays
Rating
Category
Featured
Created
WoW Signiture Ability by Spec
691
2.50
Gaming
Sep 24, 2010
WoW Vanilla WoW Tier Set Names
81
5.00
Gaming
Oct 6, 2010
WoW Major Content Patch Names
71
5.00
Gaming
Dec 15, 2010
WoW Burning Crusade Tier Set Names
44
5.00
Gaming
Oct 6, 2010
WoW WotLK Tier Set Names
40
5.00
Gaming
Sep 26, 2010
Go to Creator's Profile
Score Distribution
Quiz Creator Spotlight
Nigglet
Follow
Send a Message
Quizzes Created
-
Created Quiz Play Count
-
More By This Creator
Popular Quizzes Today
1
Find the US States - No Outlines Minefield
2
Find the US States
3
The Countries of the World
4
10 Largest US States in Order
5
Find the Countries of Europe - No Outlines Minefield
6
US States
7
Guess the 'R' Things in 3 Words
8
NBA Finals Game Top Scorers (2010s)
More Gaming Quizzes
Click a Gen. 1 Pokemon that... (II)
Quiz Lab
Trending Quizzes
First Name TV: Leading Men
Match the Book to the Film II
First Name TV: Leading Women Drama
Match the Book to the Film VI
3-Word Movies in 1 Word II
Recently Updated
Women's Final Four Teams by Year
bhenderson79
Presidents Quartet II
eogle
Anything But Clue(do)
eogle
Anything But Oceanian Capitals
eogle
Anything But 7
eogle
Anything But Thing
eogle
Word Ladder: February 29
pecheneg
Song Title Questions
pecheneg
Women's NCAA Tournament #1 Seeds
pecheneg
Celebrity Mug Shots
pecheneg
Trending Topics
Harry Potter
Marvel
NBA
Anime
Crossword
Disney
Kpop
Soccer
Song
Country
The Office
Puzzle
Pokémon
WWE
NFL
Your Account Isn't Verified!
In order to create a playlist on Sporcle, you need to verify the email address you used during registration. Go to your
Sporcle Settings
to finish the process.
Report this User
Report this user for behavior that violates our
Community Guidelines
.
Details:
Send Report
Go to the Sporcle.com Mobile Site →
Comments